| 000 | 00354pab a2200145 454500 | ||
|---|---|---|---|
| 008 | 180718b1985 xxu||||| |||| 00| 0 eng d | ||
| 100 | _aClark, Kim E. | ||
| 245 | _aImprove employee relations with a corporate ombudsman | ||
| 260 | _c1985 | ||
| 300 | _a12-13 | ||
| 362 | _aSept. | ||
| 650 | _aOmbudsman | ||
| 773 | _aPersonnel Journal | ||
| 909 | _a14394 | ||
| 999 |
_c14394 _d14394 |
||